| 000 | 00726nam a22002177a 4500 | ||
|---|---|---|---|
| 999 |
_c20772 _d20772 |
||
| 003 | AR-CdUCM | ||
| 008 | 190326b ||||| |||| 00| 0 spa d | ||
| 040 |
_aMUNICIPALIDAD PROVINCIAL DEL CUSCO _cBIBLIOTECA MUNICIPAL DEL CUSCO |
||
| 082 |
_a510 / _bR63 |
||
| 100 |
_aRíos Mencia, Jesús _97616 |
||
| 245 |
_aMatemática quechua : _bYupaqkamasca / |
||
| 260 |
_aCusco : _bQhapaq Ayllu, _c2016. |
||
| 300 |
_a31 páginas ; _bGráficos _c32 cm. |
||
| 500 | _as/c | ||
| 505 | _aContenido: La protocultura del cinco -- La numeración -- Orden de un sistema de numeración... | ||
| 650 |
_aIncas _9303 |
||
| 650 |
_aSistema de numeración _942977 |
||
| 650 |
_aMatemática inca _924574 |
||
| 942 |
_2ddc _cLIBROS |
||
| 945 | _arcc | ||